Представление документа в формате RUSMARC

ПолеНазваниеЗначение
  Тип записи a
  Библиографический уровень m
001 Контрольный номер 7929d91df10e42f1a1dbe5f82ee157c8
005 Дата корректировки 20140611082832.6
010 Индекс ISBN __
a ISBN 5-8297-0155-3
101 Язык документа 0_
a Язык текста rus
102 Страна публикации __
a Страна публикации RU
200 Заглавие и сведения об ответственности 1_
a Заглавие Русский язык и культура речи
e Сведения, относящиеся к заглавию учеб. для вузов
f Первые сведения об ответственности В. И. Максимов [и др.] ; ред. В. И. Максимов
205 Сведения об издании __
a Основные сведения об издании 2-е изд., стер.
210 Выходные данные 1_
c Издательство Гардарики
a Место издания М.
d Дата издания 2005
215 Физическое описание __
a Объем 408, [5] с.
300 Общие примечания __
a Общие примечания гриф МО
610 Ключевые слова 0_
a Ключевые слова гриф МО
610 Ключевые слова 0_
a Ключевые слова русский язык
610 Ключевые слова 0_
a Ключевые слова речь
610 Ключевые слова 0_
a Ключевые слова разновидности речи
610 Ключевые слова 0_
a Ключевые слова ораторская речь
610 Ключевые слова 0_
a Ключевые слова полемика
610 Ключевые слова 0_
a Ключевые слова деловое общение
610 Ключевые слова 0_
a Ключевые слова речевые коммуникации
610 Ключевые слова 0_
a Ключевые слова телевидение
610 Ключевые слова 0_
a Ключевые слова культура речи
610 Ключевые слова 0_
a Ключевые слова служебная документация
686 Индексы других классификаций __
a Классификационный индекс 81.411.2-923
2 Код системы rubbk
701 Альтернативная интеллектуальная ответственность _1
a Фамилия Максимов
b Имя В. И.
701 Альтернативная интеллектуальная ответственность _1
a Фамилия Козаринова
b Имя Н. В.
701 Альтернативная интеллектуальная ответственность _1
a Фамилия Барабанова
b Имя Н. Р.
701 Альтернативная интеллектуальная ответственность _1
a Фамилия Иванов
b Имя А. Ф.
702 Вторичная интеллектуальная ответственность _1
u 2
a Фамилия Максимов
b Имя В. И.
4 Код отношения 340
801 Источник записи _0
a Страна RU
b Организация РУК
c Дата составления 20061122
g Правила каталогизации PSBO
801 Источник записи _1
a Страна RU
b Организация РУК
c Дата составления 20061122
g Правила каталогизации PSBO
852 Данные о местонахождении __
i Авторский знак Р 89
j Шифр хранения ББК 81.411.2
901 Тип документа __
t Тип документа m
938 Служебная информация __
a Название организации Головной вуз
b Имя БД BOOK
c Название АИБС АИБС ИРБИС
952 Тип литературы __
b Гриф литературы для ВШ гриф МО